00826nam a22001817a 4500008004100000020001800041050002100059245012600080250001800206260003400224300004200258500009500300505009900395650003100494650003500525700004400560700004000604170713s2012 cl a|||| |||| 00| 0 spa d a9789562203319 aRJ499 bP75 2012 aPsicopatologia infantil y de la adolescencia c/ coordinadores Carlos Almonte Vyhmeister., Maria Elena Montt S. (y otros) a2a. edición aChileb: Mediterraneoc, 2012 axii, 776 : páginasb: ilustraciones aIncluye: Presentación (pp.xi-Xii), Prólogo (p.xiii), Índice de materias (pp.773-776) aDesarrollo normal y psicopatológico Salud mental Trastornos Evaluación y tratamiento 0aPSICOPATOLOGÍAxINFANTIL 0aPSICOPATOLOGÍAxADOLESCENCIA aAlmonte Vyhmeister, Carlosecoordinador aMontt S. María Elenaecoordinador